00550nam a2200193 a 4500001001300000003000900013005001700022008004100039020002300080082001500103100001600118245007700134260003700211300000900248500003500257650002400292650002400316700001600340nice12345678IN_TiNIC20260116012301.0050524s1986 newa grp 000 0 eng  a0879753625 c10000a200.1bKUR aKurtz, Paul aThe Transcendental TemptationbA Critique of Religion and the Paranormal aNew YorkbPrometheus Book c1986 a500p aincludes index and biblioraphy aReligion-Philosophy aReligion-Paranormal1 aKurtz, Paul